banner koha

Peso, rendimento e cortes da carcaça de cordeiros recebendo dieta a base de palma forrageira (Opuntia ficus-indica, Mill)amonizada (Registro n. 198728)

MARC details
000 -LÍDER
campo de controle de tamanho fixo 01101nas a2200373 4500
001 - NÚMERO DE CONTROLE
campo de controle BR0809911
003 - IDENTIFICADOR DO NÚMERO DE CONTROLE
campo de controle BR-BrBNA
005 - DATA E HORÁRIO DA ÚLTIMA TRANSAÇÃO
campo de controle 20231205112553.0
007 - CAMPO FIXO DE DESCRIÇÃO FÍSICA--INFORMAÇÃO GERAL
campo de controle de tamanho fixo ta
008 - CAMPO DE DADOS FIXOS--INFORMAÇÃO GERAL
campo de controle de tamanho fixo 230509b bl.|||p| |||| 00| 00por d
040 ## - FONTE DA CATALOGAÇÃO
Instituição da catalogação original BR-BrBNA
Idioma da catalogação por
Instituição que transcreveu o registro Biblioteca Nacional de Agricultura
041 ## - CÓDIGO DE IDIOMA
Código do idioma do texto/trilha sonora ou título diferente (Pt)
072 ## - CÓDIGO DE CATEGORIA DE ASSUNTO
Código de Categoria de Assunto L01; L02
100 1# - ENTRADA PRINCIPAL--NOME PESSOAL
Nome pessoal Lopes, N.C.M.
100 1# - ENTRADA PRINCIPAL--NOME PESSOAL
Nome pessoal Jaeger, S.M.P.L.
100 1# - ENTRADA PRINCIPAL--NOME PESSOAL
Nome pessoal Oliveira, R.L.
100 1# - ENTRADA PRINCIPAL--NOME PESSOAL
Nome pessoal Oliveira, G.J.C. de
100 1# - ENTRADA PRINCIPAL--NOME PESSOAL
Nome pessoal Melo Junior, A.S. de
100 1# - ENTRADA PRINCIPAL--NOME PESSOAL
Nome pessoal Faria, M.M. de S.
100 1# - ENTRADA PRINCIPAL--NOME PESSOAL
Nome pessoal Strada, E.S. de O.
100 1# - ENTRADA PRINCIPAL--NOME PESSOAL
Nome pessoal Silva, A.M. da
100 1# - ENTRADA PRINCIPAL--NOME PESSOAL
Nome pessoal Bagaldo, A.R.
245 1# - TÍTULO
Título Peso, rendimento e cortes da carcaça de cordeiros recebendo dieta a base de palma forrageira (Opuntia ficus-indica, Mill)amonizada
650 ## - ASSUNTO--TERMO TÓPICO
Cabeçalho tópico ou nome geográfico CORDEIRO
650 ## - ASSUNTO--TERMO TÓPICO
Cabeçalho tópico ou nome geográfico PALMA FORRAGEIRA
650 ## - ASSUNTO--TERMO TÓPICO
Cabeçalho tópico ou nome geográfico CARCAÇA
650 ## - ASSUNTO--TERMO TÓPICO
Cabeçalho tópico ou nome geográfico RENDIMENTO
650 ## - ASSUNTO--TERMO TÓPICO
Cabeçalho tópico ou nome geográfico PESO
650 ## - ASSUNTO--TERMO TÓPICO
Cabeçalho tópico ou nome geográfico DIETA
650 ## - ASSUNTO--TERMO TÓPICO
Cabeçalho tópico ou nome geográfico AMONIA
773 0# - ENTRADA ANALÍTICA
Título Magistra (Brazil)
ISSN - International Standard Serial Number ISSN 0102-5333
Partes relacionadas (Apr-Jun 2008), v. 20(2) p. 140-145
Número de controle do registro BR0809911
909 ## -
-- 202311
-- Lúcia
-- 55
-- Lúcia Elande
942 ## - ELEMENTOS DE ENTRADA ADICIONADOS (KOHA)
Fonte da classificação ou esquema de arquivamento na estante Classificação AGRIS
Ocultar no OPAC Não
Tipo de material Koha Analítica
Exemplares
Situação do descarte Fonte da classificação ou esquema de arquivamento na estante Situação física Não pode ser emprestado Biblioteca de origem Biblioteca atual Localização na estante Enumeração do periódico / cronologia Total de empréstimos Data de último acesso Número do exemplar Tipo de material Koha Fonte de aquisição
  Classificação AGRIS   Consulta local Biblioteca Nacional de Agricultura - Binagri Biblioteca Nacional de Agricultura - Binagri   (Apr-Jun 2008), v. 20(2) p. 140-145   29/11/2023 01 Periódicos Portaria Interministerial nº 164/94

BINAGRI

Telefone: (61)3218-2567/2388/3357/2097 - binagri@agro.gov.br

Ministério da Agricultura e Pecuária , Esplanada dos Ministérios, Bloco D, Anexo B, Brasília/DF, CEP: 70.043-900